书目信息 |
| 题名: |
现代质量管理学
|
|
| 作者: | 谭跃雄 主编 | |
| 分册: | ||
| 出版信息: | 湖南 中南工业大学出版社 1999.06 |
|
| 页数: | 447页 | |
| 开本: | 32开 | |
| 丛书名: | ||
| 单 册: | ||
| 中图分类: | F253.3 | |
| 科图分类: | ||
| 主题词: | 物资经济 | |
| 电子资源: | ||
| ISBN: | 7-81061-201-8 | |
| 000 | 00559nam0 2200193 45 | |
| 001 | 0007241639 | |
| 005 | 20000724160723.7 | |
| 010 | @a7-81061-201-8@d20.00元 | |
| 100 | @a20000724d1999 km y0chiy0120 ea | |
| 101 | 0 | @achi |
| 105 | @a z 000yy | |
| 200 | 1 | @a现代质量管理学@AXian Dai Zhi Liang Guan Li Xue@f谭跃雄主编@FTan Yue Xiong Zhu Bian |
| 210 | @a湖南@c中南工业大学出版社@d1999.06 | |
| 215 | @a447页@d32开 | |
| 606 | 0 | @a物资经济 |
| 690 | @aF253.3@v3 | |
| 701 | 0 | @a谭跃雄@4主编 |
| 801 | @aCN@bPftUser@c20000724 | |
| 905 | @b76641-650@dF253.3@eT903@f10 | |
| 现代质量管理学/谭跃雄主编.-湖南:中南工业大学出版社,1999.06 |
| 447页;32开 |
| ISBN 7-81061-201-8:20.00元 |
| ● |
| 相关链接 |
|
|
|
正题名:现代质量管理学
索取号:F253.3/T903
 
预约/预借
| 序号 | 登录号 | 条形码 | 馆藏地/架位号 | 状态 | 备注 |
| 1 | 76641 | 200766411 | 社科库409/409社科库 81排2列1层/ [索取号:F253.3/T903] | 在馆 | |
| 2 | 76642 | 200766420 | 社科库409/ [索取号:F253.3/T903] | 在馆 | |
| 3 | 76643 | 200766439 | 社科库409/409社科库 81排2列1层/ [索取号:F253.3/T903] | 在馆 | |
| 4 | 76644 | 200766448 | 社科库409/409社科库 81排2列1层/ [索取号:F253.3/T903] | 在馆 | |
| 5 | 76645 | 200766457 | 社科库409/409社科库 81排2列1层/ [索取号:F253.3/T903] | 在馆 | |
| 6 | 76646 | 200766466 | 社科库409/409社科库 81排2列1层/ [索取号:F253.3/T903] | 在馆 | |
| 7 | 76647 | 200766475 | 社科库409/409社科库 81排2列1层/ [索取号:F253.3/T903] | 在馆 | |
| 8 | 76648 | 200766484 | 社科库409/409社科库 81排2列1层/ [索取号:F253.3/T903] | 在馆 | |
| 9 | 76649 | 200766493 | 社科库409/409社科库 63排4列1层/ [索取号:F253.3/T903] | 在馆 | |
| 10 | 76650 | 200766509 | 社科库409/409社科库 81排2列1层/ [索取号:F253.3/T903] | 在馆 |